| 000 | 01059nam a22003377a 4500 | ||
|---|---|---|---|
| 001 | 376429 | ||
| 003 | DO-SdBNP | ||
| 005 | 20171116122558.0 | ||
| 007 | 376429 | ||
| 008 | 991216s1981 sp | ||| ||spa | ||
| 020 | _a8402083498 | ||
| 040 |
_aBPMSU _bspa _cBPMSU |
||
| 041 | 1 | _aspa | |
| 082 | 4 |
_a843.84 _bF587t |
|
| 100 | 1 |
_aFlaubert, Gustave _d1821-1880 |
|
| 240 |
_aTois contes _lEspañol |
||
| 245 | 1 | 0 |
_aTres cuentos / _cGustave Flabert ; traducción de Germán Palacios |
| 260 |
_aBarcelona : _bCulb Bruguera, _c1981 |
||
| 300 |
_a220 p. : _c20 cm |
||
| 490 |
_aLetras universal Bruguera _v97 |
||
| 500 | _aIncluye notas al pie de las páginas | ||
| 504 | _a | ||
| 505 | 1 | _aUn alma de Dios -- La leyenda de San Julián el Hospitalario -- Herodías | |
| 650 | _aCUENTOS FRANCESES | ||
| 650 | _aLITERATURA FRANCESAS | ||
| 700 | 1 |
_aBergés, Consuelo _etraducción |
|
| 830 |
_pLetras universal Bruguera _v97 |
||
| 942 |
_2ddc _cBK |
||
| 945 | _a Inventariado extranjero / 2017 VM | ||
| 956 |
_aVMATEO _210 _320161031 _6BPMSU _80069 |
||
| 999 |
_c11728 _d11728 |
||